|
|
|
|
| LEADER |
00876cam a2200241 7i4500 |
| 001 |
0000036508 |
| 005 |
20201006090000.0 |
| 007 |
##ta |
| 008 |
201006t2019 my a f ak may |
| 040 |
# |
# |
|a MATR
|
| 090 |
0 |
0 |
|a M 354.7409595
|b MAL
|
| 110 |
2 |
# |
|a Malaysia External Trade Development Corporation
|
| 245 |
1 |
0 |
|a 2018 ANNUAL REPORTb25 YEARS OF EXPORT EXCELLENCE.
|
| 264 |
# |
1 |
|a Kuala Lumpur:
|b Malaysia External Trade Development Corporation,
|c 2019.
|
| 300 |
# |
# |
|a xii, 145 pages:
|b color illustrations;
|c 30 cm.
|
| 336 |
# |
# |
|a text
|2 rdacontent
|
| 337 |
# |
# |
|a unmediated
|2 rdamedia
|
| 338 |
# |
# |
|a volume
|2 rdacarrier
|
| 650 |
# |
0 |
|a Administrative report --
|z Malaysia
|
| 650 |
# |
0 |
|a Commerce --
|z Malaysia
|
| 650 |
# |
0 |
|a Foreign trade --
|z Malaysia
|
| 999 |
|
|
|a 0000041195
|b Book
|c Malaysia
|e Business Information Centre
|
| 999 |
|
|
|a 0000041194
|b Book
|c Malaysia
|e Business Information Centre
|